[Event "Mittelfranken Landesliga Sued 2223"]
[Site "Mittelfranken"]
[Date "2023.03.19"]
[Round "8.8"]
[White "Kutschick, Robert"]
[Black "Litzka, Matthias"]
[Result "0-1"]
[WhiteElo "1675"]
[BlackElo "2011"]
[PlyCount "100"]
[EventDate "2022.10.09"]
[EventType "team-tourn"]
[EventRounds "9"]
[EventCountry "GER"]
[SourceTitle "EXT 2024"]
[Source "ChessBase"]
[SourceDate "2023.10.10"]
[SourceVersion "1"]
[SourceVersionDate "2023.10.10"]
[SourceQuality "1"]
[WhiteTeam "Haunstetten"]
[BlackTeam "Starnberg"]
[WhiteTeamCountry "GER"]
[BlackTeamCountry "GER"]

1. e4 c6 2. d4 d5 3. e5 c5 4. c3 Nc6 5. Nf3 Bg4 6. Be2 e6 7. b3 cxd4 8. cxd4 Qb6 9. Bb2 Bb4+ 10. Kf1 Nh6 11. Nc3 Bxf3 12. Bxf3 Bxc3 13. Bxc3 Nf5 14. Qd3 Nfxd4 15. Bxd4 Qxd4 16. Qxd4 Nxd4 17. Rc1 Kd7 18. Rd1 Nc6 19. Bg4 Ke7 20. f4 Rac8 21. Kf2 Nb4 22. Rd2 Rc3 23. Be2 Rhc8 24. Rb1 Rc2 25. Rb2 Rxb2 26. Rxb2 Rc1 27. a4 a5 28. Ke3 f6 29. exf6+ gxf6 30. Kd2 Rg1 31. Bf3 Kd6 32. Kc3 Rc1+ 33. Kd2 Rc7 34. Ke3 Rc3+ 35. Kd2 Rd3+ 36. Ke2 e5 37. fxe5+ fxe5 38. Bg4 e4 39. Bf5 h6 40. Rd2 Ke5 41. Bc8 Rxb3 42. Bxb7 d4 43. Bc8 e3 44. Rd1 Rb2+ 45. Kf3 Rf2+ 46. Kg3 d3 47. Bg4 Rf6 48. Bf3 Kd4 49. Rc1 Nc2 50. Bd1 Kc3 0-1

[Event "Mittelfrank Regionalliga Sud-West 2223"]
[Site "Mittelfranken"]
[Date "2022.11.27"]
[Round "3.8"]
[White "Kutschick, Robert"]
[Black "Heer, Stephan"]
[Result "0-1"]
[WhiteElo "1675"]
[BlackElo "1942"]
[PlyCount "66"]
[EventDate "2022.10.09"]
[EventType "team-tourn"]
[EventRounds "9"]
[EventCountry "GER"]
[SourceTitle "EXT 2024"]
[Source "ChessBase"]
[SourceDate "2023.10.10"]
[SourceVersion "1"]
[SourceVersionDate "2023.10.10"]
[SourceQuality "1"]
[WhiteTeam "Haunstetten II"]
[BlackTeam "Haar"]
[WhiteTeamCountry "GER"]
[BlackTeamCountry "GER"]

1. e4 g6 2. Nf3 Bg7 3. Nc3 d6 4. Bc4 e6 5. d3 a6 6. 0-0 Nd7 7. Bg5 Ne7 8. Qd2 h6 9. Be3 b5 10. Bb3 Bb7 11. a4 b4 12. Ne2 c5 13. c3 a5 14. cxb4 axb4 15. Rfc1 Nc6 16. d4 Na5 17. Bc2 Nc4 18. Qd3 Ba6 19. b3 Nxe3 20. Qxe3 Bxe2 21. Qxe2 cxd4 22. Bd3 0-0 23. Rc4 Qb6 24. Rac1 Nc5 25. Qc2 Ra7 26. e5 Nxd3 27. Qxd3 dxe5 28. Rc6 Qd8 29. R1c5 Ra5 30. Rb5 Rxb5 31. Qxb5 e4 32. Nd2 e3 33. fxe3 dxe3 0-1

[Event "Mittelfrank Regionalliga Sud-West 2122"]
[Site "Mittelfranken"]
[Date "2022.04.03"]
[Round "7.6"]
[White "Pleyer, Felix"]
[Black "Kutschick, Robert"]
[Result "0-1"]
[WhiteElo "1867"]
[BlackElo "1685"]
[PlyCount "128"]
[EventDate "2021.10.24"]
[EventType "team-tourn"]
[EventRounds "9"]
[EventCountry "GER"]
[SourceTitle "EXT 2024"]
[Source "ChessBase"]
[SourceDate "2023.10.10"]
[SourceVersion "1"]
[SourceVersionDate "2023.10.10"]
[SourceQuality "1"]
[WhiteTeam "Kempten"]
[BlackTeam "Haunstetten II"]
[WhiteTeamCountry "GER"]
[BlackTeamCountry "GER"]

1. d4 d5 2. Nf3 Nf6 3. g3 e6 4. Bg2 Be7 5. 0-0 0-0 6. c4 c6 7. b3 Nbd7 8. Bb2 Ne4 9. Nfd2 f5 10. f3 Ng5 11. h4 Nf7 12. Nc3 Nf6 13. e3 Qc7 14. g4 fxg4 15. fxg4 Qg3 16. g5 Ng4 17. Rf3 Qh2+ 18. Kf1 Qxh4 19. Ke2 Nxg5 20. Rxf8+ Bxf8 21. Qg1 Bd6 22. Nf3 Nxf3 23. Bxf3 Qh2+ 24. Qxh2 Nxh2 25. e4 Nxf3 26. Kxf3 dxc4 27. bxc4 Bd7 28. e5 Rf8+ 29. Ke3 Be7 30. Ne4 b6 31. a4 a6 32. Bc3 h5 33. Rb1 Bd8 34. Rh1 h4 35. Be1 g5 36. Rg1 Kf7 37. Nxg5+ Bxg5+ 38. Rxg5 Rh8 39. Rg2 b5 40. axb5 cxb5 41. cxb5 axb5 42. Rh2 h3 43. Bg3 Bc6 44. Rf2+ Ke7 45. Ra2 Rg8 46. Kf4 Bg2 47. Ra7+ Kd8 48. Ra5 Bc6 49. Ra2 Kc7 50. Bh2 Rg2 51. Rxg2 hxg2 52. Bg1 Kb7 53. Ke3 Ka6 54. Kd3 Ka5 55. Kc3 Ka4 56. Kb2 Kb4 57. Bf2 Kc4 58. Kc2 Be4+ 59. Kb2 Kd3 60. Kb3 Ke2 61. Bg1 Kf1 62. Be3 g1Q 63. Bxg1 Kxg1 64. Kb4 Kf2 0-1